000 00384nam a2200145Ia 4500
008 230711s9999||||xx |||||||||||||| ||und||
041 _aENG
082 _a5
_bNN-F
100 _aN.N Biswas
245 0 _aFortran IV computer programming
250 _a1st Ed.
260 _c1989
_aNew Delhi
_bEWP(Affiliated East-West Press Private Limited)
650 _aComputer Engineering
942 _cBK
999 _c858
_d858